Sports teams with most championships - Statistics

General Stats
  • This quiz has been taken 243 times
    137 since last reset
  • The average score is 23 of 52
Answer Stats
Stanley Cups Answer % Correct
16 Los Angeles Lakers
91%
5 New England Patriots
89%
17 Boston Celtics
88%
27 New York Yankees
86%
6 Pittsburgh Steelers
81%
5 Cincinnati Reds
78%
6 Chicago Bulls
77%
24 Montreal Canadiens
75%
5 Dallas Cowboys
74%
6 Boston Bruins
71%
4 New York Giants
71%
5 New York Giants
71%
13 Toronto Maple Leafs
70%
8 Boston Red Sox
69%
5 San Francisco 49ers
69%
5 Los Angeles Dodgers
67%
5 San Antonio Spurs
67%
4 Green Bay Packers
62%
6 Golden State Warriors
61%
11 Detroit Red Wings
60%
5 Philadelphia Athletics
59%
6 Chicago Blackhawks
58%
11 St. Louis Cardinals
57%
20 Manchester United
54%
18 Liverpool FC
47%
25 FC Barcelona
46%
33 Real Madrid
46%
13 Arsenal FC
44%
18 AC Milan
38%
34 Juventus
34%
7 Paris Saint-Germain
33%
5 Pittsburgh Pirates
33%
18 Internazionale
32%
5 Los Angeles Galaxy
30%
10 Olympique de Marseille
24%
7 Olympique Lyonnais
23%
8 Athletic Club Bilbao
21%
10 Atletico Madrid
21%
6 Valencia CF
19%
8 AS Monaco
14%
9 Everton FC
13%
7 Aston Villa
9%
10 AS Saint-Étienne
8%
4 DC United
8%
9 Genoa
7%
7 Torino
7%
7 Bologna
6%
8 FC Nantes
6%
2 Sporting Kansas City
4%
2 Houston Dynamo
1%
7 Pro Verselli
0%
2 San Jose Earthquakes
0%
No matching quizzes found
Score Distribution
Percent of People with Each Score
Percentile by Number Answered
Your Score History
You have not taken this quiz since the last reset